Kalbimin Üstünde Bir Avuç Güneş (Record no. 1260304)

MARC details
000 -LEADER
sabit uzunluktaki kontrol alanı 00292nam a2200109Ia 4500
001 - KONTROL NUMARASI
kontrol alanı 1260304
005 - EN SON İŞLEMİN TARİH VE ZAMANI
kontrol alanı 20260417140329.0
008 - SABİT-UZUNLUKTA VERİ ÖĞELERİ--GENEL BİLGİ
sabit uzunluktaki kontrol alanı 260417s9999 xx 000 0 und d
020 ## - ULUSLARARASI STANDART KİTAP NUMARASI
Uluslararası Standart Kitap Numarası 9786255929433
245 #0 - ESER / YAZAR
ESER ADI Kalbimin Üstünde Bir Avuç Güneş
Yazar Adı Nuri Pakdil
260 ## - YAYIN, DAĞITIM, VB.
YAYIN EVİ Ketebe Yayınları
Holdings
Düşüm durumu Kayıp durumu Hasar Durumu Ödünç verilmez Ana kütüphane Geçerli Kütüphane Edinilen tarih Toplam ödünç verme sayısı Barkod Son görüntüleme tarihi Fiyatın geçerli olmaya başladığı tarih Koha materyal türü
        ADİL KARAAĞAÇ MESLEKİ VE TEKNİK ANADOLU LİSESİ ADİL KARAAĞAÇ MESLEKİ VE TEKNİK ANADOLU LİSESİ 17.04.2026   11121246 17.04.2026 17.04.2026 Books